|
|
|
|
| LEADER |
00737naa a2200205 i 4500 |
| 001 |
misc29614 |
| 005 |
20200430142032.0 |
| 008 |
180214s1980 hu o 0|| hun d |
| 020 |
|
|
|a 963-481-188-4
|
| 040 |
|
|
|a SZTE Miscellanea Repozitórium
|b hun
|
| 041 |
|
|
|a hun
|
| 041 |
|
|
|a lat
|
| 100 |
1 |
|
|a Ajtai András
|
| 245 |
1 |
0 |
|a Ajtai András (1713-1717)
|h [elektronikus dokumentum] /
|c Ajtai András
|
| 260 |
|
|
|c 1980
|
| 300 |
|
|
|a 77-89
|
| 490 |
0 |
|
|a Adattár XVI-XVIII. századi szellemi mozgalmaink történetéhez
|v 6
|
| 695 |
|
|
|a Művelődéstörténet - magyar - 1713-1717 - forrás, Peregrináció, Ajtai András, Teleki Sándor
|
| 700 |
0 |
1 |
|a Teleki Sándor
|
| 856 |
4 |
0 |
|u http://misc.bibl.u-szeged.hu/29614/1/ad_006_79-91.pdf
|z Dokumentum-elérés
|